Ordenación provisional de las haciendas locales : edición oficial del Decreto de 25 de enero de 1946 edición oficial del Decreto de 25 de enero de 1946
Descripción Física:
134 p. ; 20 cm
MARC
| LEADER | 00000nam a2200000Ia 4500 | ||
|---|---|---|---|
| 001 | 13859 | ||
| 008 | 160829s1946 xx 000 0 cat d | ||
| 080 | |a M-4-62 | ||
| 245 | |a Ordenación provisional de las haciendas locales : |b edición oficial del Decreto de 25 de enero de 1946 | ||
| 250 | |a Ed. oficial | ||
| 260 | |a Madrid : |b Publicaciones del Instituto de Estudios de Administración Local, |c 1946 | ||
| 300 | |a 134 p. ; |c 20 cm | ||
| 590 | |a A la coberta: Ministerio de la Gobernación | ||
| 650 | |a Impostos locals |x Dret i legislació |x Espanya |9 22131 | ||
| 710 | 2 | |a Instituto de Estudios de Administración Local (Espanya) |9 54775 | |
| 710 | 1 | |a Espanya. |b Ministerio de la Gobernación |9 55088 | |
| 901 | |a Arxiu | ||
| 942 | |n 1 | ||
| 952 | |0 0 |1 0 |4 0 |6 M462 |7 1 |9 44456 |a Arxiu |b Arxiu |d 2016-12-01 |l 0 |o M-4-62 |p 13859 |r 2016-12-01 00:00:00 |w 2016-12-01 |y ARXIU | ||
| 999 | |c 47037 |d 47037 | ||